Poverty of theory : or an orrery of errors (Record no. 41360)

MARC details
000 -LEADER
fixed length control field 00346nam a2200133Ia 4500
020 ## - INTERNATIONAL STANDARD BOOK NUMBER
ISBN 0850364469
082 ## - DEWEY DECIMAL CLASSIFICATION NUMBER
Classification number 338.439.63:053.3
Item number THO
100 ## - MAIN ENTRY--AUTHOR NAME
Personal name Thompson, E P
245 #0 - TITLE STATEMENT
Title Poverty of theory : or an orrery of errors
260 ## - PUBLICATION, DISTRIBUTION, ETC. (IMPRINT)
Place of publication London
Name of publisher Merlin Press
Year of publication 1995
300 ## - PHYSICAL DESCRIPTION
Number of Pages 303p.
942 ## - ADDED ENTRY ELEMENTS (KOHA)
Koha item type Books
Holdings
Withdrawn status Lost status Damaged status Not for loan Home library Current library Date acquired Cost, normal purchase price Full call number Accession Number Koha item type
        RRII Library RRII Library 16/12/2021 8.95 338.439.63:053.3 THO 21647 Books